Welcome to CU Library Online Public Access Catalogue (OPAC)

Mechanics of Materials (Record no. 8462)

MARC details
000 -LEADER
fixed length control field 00456nam a22001577a 4500
005 - DATE AND TIME OF LATEST TRANSACTION
control field 20251129162733.0
008 - FIXED-LENGTH DATA ELEMENTS--GENERAL INFORMATION
fixed length control field 251129b |||||||| |||| 00| 0 eng d
020 ## - INTERNATIONAL STANDARD BOOK NUMBER
International Standard Book Number 9780077221409
050 ## - LIBRARY OF CONGRESS CALL NUMBER
Classification number TA405
Item number .B39
245 ## - TITLE STATEMENT
Title Mechanics of Materials
Statement of responsibility, etc. Ferdinand P. Beer
250 ## - EDITION STATEMENT
Edition statement 5th ed.
260 ## - PUBLICATION, DISTRIBUTION, ETC.
Place of publication, distribution, etc. Boston
Name of publisher, distributor, etc. McGraw Hill Higher Education
Date of publication, distribution, etc. 2006
300 ## - PHYSICAL DESCRIPTION
Extent xix. 790p.
Other physical details ill. some color
Dimensions 26cm
700 ## - ADDED ENTRY--PERSONAL NAME
Personal name Beer, Ferdinand P.
942 ## - ADDED ENTRY ELEMENTS (KOHA)
Source of classification or shelving scheme Library of Congress Classification
Koha item type Books
Edition 5th ed.
Suppress in OPAC No
999 ## -
-- 8462
-- 8462
Holdings
Withdrawn status Lost status Source of classification or shelving scheme Damaged status Not for loan Collection Home library Current library Shelving location Date acquired Total checkouts Full call number Barcode Date last seen Copy number Price effective from Koha item type
    Library of Congress Classification     Non-fiction Science Library (Miotso) Science Library (Miotso) General stacks 11/29/2025   TA405 .B39 MEC SLM00006485 11/29/2025 1 11/29/2025 Books
    Library of Congress Classification     Non-fiction Science Library (Miotso) Science Library (Miotso) General stacks 11/29/2025   TA405 .B39 MEC SLM00006486 11/29/2025 2 11/29/2025 Books
    Library of Congress Classification     Non-fiction Science Library (Miotso) Science Library (Miotso) General stacks 11/29/2025   TA405 .B39 MEC SLM00006487 11/29/2025 3 11/29/2025 Books
    Library of Congress Classification     Non-fiction Science Library (Miotso) Science Library (Miotso) General stacks 11/29/2025   TA405 .B39 MEC SLM00006488 11/29/2025 4 11/29/2025 Books
    Library of Congress Classification     Non-fiction Science Library (Miotso) Science Library (Miotso) General stacks 11/29/2025   TA405 .B39 MEC SLM00006489 11/29/2025 5 11/29/2025 Books
© 2023-2024 Copyright: Central University Libraries. All Rights Reserved | Created by: Mahone Tech Office